000
00335nam a2200133Ia 4500
008
240624s9999 xx 000 0 und d
041
_a
eng
082
_a
823 VAD
100
_a
VADUKUT SIDIN
245
_a
DORK THE INCREDIBLE ADVENTURES OF ROBIN
260
_c
2010
_a
New Delhi
_b
Penguin Books India
300
_a
240 : p.
365
_c
RS
999
_c
17125
_d
17125